Lectura y educación para la paz (Record no. 9274)

MARC details
000 -LEADER
campo de control de longitud fija 01122nam a2200337 a 4500
003 - IDENTIFICADOR DE NÚMERO DE CONTROL
campo de control AR-BaBNM
005 - FECHA Y HORA DE LA ÚLTIMA TRANSACCIÓN
campo de control 20251128204913.0
008 - DATOS DE LONGITUD FIJA--INFORMACIÓN GENERAL
campo de control de longitud fija 082120s2002 ||||||||||||||000 | spa||
020 ## - NÚMERO INTERNACIONAL ESTÁNDAR DEL LIBRO
Número Internacional Estándar del Libro 84-277-1030-5
040 ## - FUENTE DE CATALOGACIÓN
Centro/agencia transcriptor AR-BaBNM
100 1# - ENTRADA PRINCIPAL--NOMBRE DE PERSONA
Nombre de persona Martínez Santa María de Unzá, Isabel
245 00 - MENCIÓN DEL TÍTULO
Título Lectura y educación para la paz
Resto del título un proyecto interdisciplinario en secundario
260 ## - PUBLICACIÓN, DISTRIBUCIÓN, ETC.
Lugar de publicación, distribución, etc. Madrid
Nombre del editor, distribuidor, etc. Narcea
Fecha de publicación, distribución, etc. 1993
300 ## - DESCRIPCIÓN FÍSICA
Extensión 63 p.
Otros detalles físicos diagr., il., tablas
490 #0 - MENCIÓN DE SERIE
Mención de serie Apuntes I.E.P.S.
Designación de volumen o secuencia v. 56
500 ## - NOTA GENERAL
Nota general I.E.P.S.: Instituto de Estudios Pedagógicos Somosaguas
500 ## - NOTA GENERAL
Nota general Anexo
500 ## - NOTA GENERAL
Nota general Libros para la paz: p. 55-58
504 ## - NOTA DE BIBLIOGRAFÍA, ETC.
Nota de bibliografía, etc. Nota Bibliografía: p. 59
650 #4 - PUNTO DE ACCESO ADICIONAL DE MATERIA--TÉRMINO DE MATERIA
Término de materia o nombre geográfico como elemento de entrada EDUCACION PARA LA PAZ
650 #4 - PUNTO DE ACCESO ADICIONAL DE MATERIA--TÉRMINO DE MATERIA
Término de materia o nombre geográfico como elemento de entrada PLANIFICACION DEL PROGRAMA
650 #4 - PUNTO DE ACCESO ADICIONAL DE MATERIA--TÉRMINO DE MATERIA
Término de materia o nombre geográfico como elemento de entrada GUIAS DE ESTUDIOS
650 #4 - PUNTO DE ACCESO ADICIONAL DE MATERIA--TÉRMINO DE MATERIA
Término de materia o nombre geográfico como elemento de entrada TECNICAS DIDACTICAS
651 #4 - PUNTO DE ACCESO ADICIONAL DE MATERIA--NOMBRE GEOGRÁFICO
Nombre geográfico España
653 ## - TÉRMINO DE INDIZACIÓN--NO CONTROLADO
Término no controlado EDUCACION SECUNDARIA
653 ## - TÉRMINO DE INDIZACIÓN--NO CONTROLADO
Término no controlado TEMAS TRANSVERSALES
700 1# - ENTRADA AGREGADA--NOMBRE PERSONAL
Nombre de persona Sánchez de Medina, María Rosa
Término indicativo de función/relación prologuista
710 2# - ENTRADA AGREGADA--NOMBRE DE ENTIDAD CORPORATIVA
Nombre de entidad corporativa o nombre de jurisdicción como elemento de entrada Instituto de Estudios Pedagógicos Somosaguas
Unidad subordinada Departamento de Ciencias de la Educación [Madrid]
942 ## - ELEMENTOS DE ENTRADA SECUNDARIOS (KOHA)
Tipo de ítem Koha Libros
998 ## - INFORMACIÓN DE CONTROL LOCAL (RLIN)
Iniciales del catalogador, CIN (RLIN) silvi
Holdings
Estatus retirado Estado de pérdida Fuente de la clasificación o esquema de estantería Estado de daño No para préstamo Biblioteca de origen Biblioteca actual Fecha de adquisición Total de préstamos Signatura topográfica completa Código de barras Visto por última vez Precio de reemplazo Tipo de ítem Koha
    Clasificación Decimal Dewey     Liberty Liberty 28/11/2025   37.034.1 MAR 100026 28/11/2025 28/11/2025 Libros
    Clasificación Decimal Dewey     Liberty Liberty 28/11/2025   37.034.1 MAR 100027 28/11/2025 28/11/2025 Libros
    Clasificación Decimal Dewey     Liberty Liberty 28/11/2025   37.034.1 MAR 100028 28/11/2025 28/11/2025 Libros